La contratacin̤ temporal en las Administraciones Pb︢licas

Detalles Bibliográficos
Autor principal: Roqueta Buj, Remedios
Formato: eBook
Lenguaje:español
Publicado: Madrid: Instituto Nacional de Administracin̤ Pb︢lica (INAP), 2019
Materias:
Acceso en línea:Acceso restringido

MARC

LEADER 00000nam a22000007a 4500
005 2019091106326.0
007 cr|||| ||||
008 190911s2019 es |||||s|||| 00||0 spa d
020 |a 978-84-7351-676-1 
035 |a 24786 
040 |a vLex 
090 |c 9480  |d 9480 
100 1 |a Roqueta Buj, Remedios 
245 1 2 |a La contratacin̤ temporal en las Administraciones Pb︢licas  |h [Recurso electrn̤ico] /  |c Remedios Roqueta Buj 
256 |a Servicio en ln̕ea 
260 |a Madrid:  |b Instituto Nacional de Administracin̤ Pb︢lica (INAP),  |c 2019 
300 |a 1 recurso electrn̤ico 
506 1 |a Disponible solo en los productos indicados  |d vLex Global  |d vLex Global (Academic Edition, excluding Law Schools)  |d vLex Global (U.S. Academic Edition, Law Schools)  |d vLex Global (U.S. Academic Edition, excluding Law Schools)  |d vLex Global (Academic Edition, Law Schools) 
650 0 4 |a Derecho Pb︢lico y Administrativo  |z Espaą 
740 0 |a vLex Libros (Servicio en ln̕ea) 
856 4 0 |u http://vlex.com/source/contratacion-temporal-en-las-administraciones-publicas-24786  |z Acceso restringido 
942 |c BOOK 
999 0 |a Public and Administrative Law